[Event "45th POL-ch (w)"]
[Site "Lublin POL"]
[Date "1993.??.??"]
[Round "9"]
[White "Henc, Renata"]
[Black "Zawadzka, Alicja"]
[Result "1-0"]
[WhiteElo "2135"]
[BlackElo "2110"]
[EventDate "1993.04.19"]
[PlyCount "88"]

1.d4 Nf6 2.Nf3 g6 3.c4 Bg7 4.Nc3 d6 5.e4 O-O 6.Be2 e5 7.d5 a5 8.Bg5 h6 9.
Bh4 Na6 10.Nd2 Qe8 11.a3 Bd7 12.b3 Nh7 13.O-O h5 14.f3 Bh6 15.Bf2 Qe7 16.
h4 g5 17.Be3 Qf6 18.Kf2 gxh4 19.Bxh6 Qxh6 20.Rh1 Qf4 21.Nf1 Kh8 22.Qc1 Qf6
23.Ne3 Rg8 24.Nf5 Bxf5 25.exf5 Qxf5 26.Rxh4 Nc5 27.Qh6 Qg6 28.Rxh5 Qxh6 
29.Rxh6 Rg6 30.Rxg6 fxg6 31.Rb1 Rf8 32.b4 axb4 33.axb4 Na6 34.Bd3 Kg7 35.
Ne4 Rd8 36.Ke3 Nf8 37.g4 Nb8 38.c5 b6 39.cxd6 cxd6 40.Rc1 Kg8 41.Rc7 Nh7 
42.Bb5 Nf8 43.Nf6+ Kh8 44.Ke4 g5 1-0

[Event "45th POL-ch (w)"]
[Site "Lublin POL"]
[Date "1993.??.??"]
[Round "9"]
[White "Dworakowska, Joanna"]
[Black "Dabrowska, Krystyna"]
[Result "0-1"]
[WhiteElo "2120"]
[BlackElo "2240"]
[EventDate "1993.04.19"]
[PlyCount "134"]

1.e4 e5 2.Nf3 Nc6 3.d4 exd4 4.c3 d5 5.exd5 Qxd5 6.cxd4 Nf6 7.Nc3 Bb4 8.Bd3
O-O 9.O-O Qh5 10.Bf4 Bg4 11.Be2 Rfe8 12.h3 Bd7 13.Bxc7 Rac8 14.Bg3 Qa5 15.
Bc4 Bxc3 16.bxc3 Qxc3 17.Rc1 Qb4 18.Qd3 Na5 19.Ne5 Nxc4 20.Rxc4 Rxc4 21.
Qxc4 Qxc4 22.Nxc4 Re2 23.Rb1 b6 24.Rb2 Re1+ 25.Kh2 Rc1 26.Ne3 Rc3 27.Rc2 
Rxc2 28.Nxc2 Be6 29.a3 Ne4 30.Bb8 a6 31.Bc7 b5 32.Nb4 Bc8 33.d5 Kf8 34.d6 
Ke8 35.f3 Nd2 36.Nc6 Nc4 37.Nb8 a5 38.Nc6 a4 39.Nd4 Nxa3 40.Ba5 Nc4 41.Bb4
Ba6 42.Nc6 Bc8 43.Nd4 Bd7 44.Kg3 a3 45.Kf2 a2 46.Nc2 f6 47.g4 Kf7 48.Ke2 
Ke6 49.Bc3 Kxd6 50.Nb4 Nb6 51.Nxa2 Nd5 52.Bd2 Kc5 53.Nc3 Ne7 54.Kd3 b4 55.
Be3+ Kc6 56.Nd1 Be6 57.Bd2 Kb5 58.Nb2 Nc6 59.Bf4 Bd5 60.Ke3 Ne5 61.Kd4 
Bxf3 62.Bxe5 fxe5+ 63.Kxe5 b3 64.g5 Be2 65.Kd5 Kb4 66.Kd4 Ka3 67.Kc3 h5 
0-1

[Event "45th POL-ch (w)"]
[Site "Lublin POL"]
[Date "1993.??.??"]
[Round "9"]
[White "Bednarska, Malgorzata"]
[Black "Bobrowska, Monika"]
[Result "1/2-1/2"]
[WhiteElo "2180"]
[BlackElo "2210"]
[EventDate "1993.04.19"]
[PlyCount "100"]

1.e4 e6 2.d4 d5 3.Nc3 Nf6 4.Bg5 Bb4 5.e5 h6 6.Bd2 Bxc3 7.bxc3 Ne4 8.Qg4 g6
9.Bd3 Nxd2 10.Kxd2 c5 11.h4 Nc6 12.h5 g5 13.f4 cxd4 14.cxd4 Bd7 15.fxg5 
Qxg5+ 16.Qxg5 hxg5 17.c3 Ke7 18.Rf1 Rh6 19.g4 Na5 20.Nh3 Rg8 21.Rf2 Nc4+ 
22.Bxc4 dxc4 23.Rhf1 Rg7 24.Rf6 Rhh7 25.Rb1 Bc6 26.a4 a5 27.Nf2 Rg8 28.Nd1
Rc8 29.Ne3 Rc7 30.Rb6 Be4 31.Rb5 Rh8 32.Rxa5 Rd8 33.Rb5 Kf8 34.Rb4 Rdc8 
35.Nd1 Kg7 36.Nf2 Bg2 37.Ke3 Ra8 38.Nd1 Bc6 39.Nb2 Bd5 40.Rb5 Rh8 41.a5 
Rcc8 42.Rb4 Rh6 43.Rxh6 Kxh6 44.Na4 Ra8 45.Nb6 Rxa5 46.Nxd5 exd5 47.Rxb7 
Ra3 48.Kd2 Ra2+ 49.Kd1 Rg2 50.Rxf7 Rd2+ 1/2-1/2

[Event "45th POL-ch (w)"]
[Site "Lublin POL"]
[Date "1993.??.??"]
[Round "10"]
[White "Lewandowska, Katarzyna"]
[Black "Bobrowska, Monika"]
[Result "1/2-1/2"]
[WhiteElo "2170"]
[BlackElo "2210"]
[EventDate "1993.04.19"]
[PlyCount "52"]

1.d4 Nf6 2.Nf3 g6 3.c4 Bg7 4.Nc3 O-O 5.e4 d6 6.Be2 e5 7.dxe5 dxe5 8.Qxd8 
Rxd8 9.Bg5 c6 10.Nxe5 Re8 11.O-O-O Na6 12.Rd6 Be6 13.Bf4 Nc5 14.Bf3 g5 15.
Bxg5 Nfxe4 16.Nxe4 Nxe4 17.Bxe4 Bxe5 18.Rd2 Bxc4 19.b3 f6 20.Bh6 Bc3 21.
Rc2 Rxe4 22.Rxc3 Be6 23.Rd1 Kf7 24.Rg3 Rg4 25.Rxg4 Bxg4 26.Rd4 Rg8 1/2-1/2

[Event "45th POL-ch (w)"]
[Site "Lublin POL"]
[Date "1993.??.??"]
[Round "10"]
[White "Leszner, Liliana"]
[Black "Henc, Renata"]
[Result "0-1"]
[WhiteElo "2160"]
[BlackElo "2135"]
[EventDate "1993.04.19"]
[PlyCount "78"]

1.e4 e6 2.d3 c5 3.g3 Nc6 4.Bg2 g6 5.c3 Bg7 6.Be3 b6 7.f4 d5 8.Nd2 d4 9.
cxd4 Nxd4 10.e5 Rb8 11.Bxd4 Qxd4 12.Nc4 Nh6 13.Nf3 Qd7 14.Nd6+ Ke7 15.d4 
Nf5 16.dxc5 bxc5 17.Nxf5+ gxf5 18.Qc2 Qb5 19.Rc1 Bd7 20.Nd2 f6 21.Nc4 fxe5
22.fxe5 Qb4+ 23.Kf2 Bxe5 24.Rhe1 Bd4+ 25.Kf1 Kf6 26.a3 Qb5 27.Qd2 h5 28.b4
Bc6 29.bxc5 Bxg2+ 30.Kxg2 Qxc5 31.Ne5 Qd5+ 32.Nf3 Rb2 33.Rc2 Rxc2 34.Qxc2 
h4 35.Qd3 h3+ 36.Kf1 Rd8 37.Nh4 Qh1+ 38.Ke2 Qxh2+ 39.Kd1 Bb6 0-1

[Event "45th POL-ch (w)"]
[Site "Lublin POL"]
[Date "1993.??.??"]
[Round "10"]
[White "Zawadzka, Alicja"]
[Black "Bednarska, Malgorzata"]
[Result "0-1"]
[WhiteElo "2110"]
[BlackElo "2180"]
[EventDate "1993.04.19"]
[PlyCount "84"]

1.e4 c5 2.Nf3 d6 3.b3 e5 4.Bb2 g6 5.g3 Bg7 6.Bg2 Nc6 7.O-O Nge7 8.d3 O-O 
9.Nbd2 f5 10.a4 Kh8 11.Ne1 f4 12.Nc4 Be6 13.f3 a6 14.Qd2 b5 15.axb5 axb5 
16.Rxa8 Qxa8 17.Na3 Qa6 18.Rf2 Nd4 19.Bf1 Bh6 20.g4 g5 21.h3 Ng6 22.Be2 
Bg7 23.Bd1 Bf6 24.Be2 Ra8 25.Ng2 Bd8 26.Rf1 Ba5 27.Qd1 Bb4 28.Bxd4 cxd4 
29.Nb1 Qa2 30.Nd2 Rc8 31.Ne1 Qb2 32.Kf2 Ra8 33.Nb1 Ra2 34.Rg1 Nh4 35.Rf1 
Kg7 36.Rg1 Kf6 37.Rf1 h6 38.Rg1 Ng6 39.Rf1 Nh4 40.Rg1 Ra1 41.Ng2 Nxg2 42.
Kxg2 Ra2 0-1

[Event "45th POL-ch (w)"]
[Site "Lublin POL"]
[Date "1993.??.??"]
[Round "10"]
[White "Erenska-Radzewska, Hanna"]
[Black "Szczygiel, Agnieszka"]
[Result "1-0"]
[WhiteElo "2280"]
[BlackElo "2135"]
[EventDate "1993.04.19"]
[PlyCount "152"]

1.e4 e5 2.Nc3 Nf6 3.g3 Bc5 4.Bg2 Nc6 5.d3 a6 6.Be3 d6 7.Qd2 Be6 8.Bxc5 
dxc5 9.Nge2 O-O 10.f4 exf4 11.Nxf4 Rb8 12.O-O Nd4 13.Ncd5 Bxd5 14.exd5 Re8
15.c3 Nb5 16.Qf2 b6 17.Nh5 Nd6 18.Nxf6+ Qxf6 19.Qxf6 gxf6 20.Rxf6 Re2 21.
Rf2 Rbe8 22.Bf3 R2e3 23.Rd1 Kg7 24.Kg2 Nf5 25.Kh3 Nd6 26.Bg4 R8e5 27.c4 h5
28.Bd7 Re7 29.Ba4 R7e5 30.Bc2 Nf5 31.Rdf1 Nd6 32.Kg2 Re7 33.b3 a5 34.Rf4 
Re2+ 35.R1f2 Re1 36.d4 cxd4 37.Rxd4 Ra1 38.a4 Ree1 39.Kh3 Rac1 40.Rdf4 Re3
41.Rd2 Ree1 42.Kh4 Kh6 43.Rf6+ Kg7 44.Rff2 Kh6 45.Rde2 Ra1 46.Bd3 Rad1 47.
Bc2 Rc1 48.Kh3 Kg5 49.Kg2 Kh6 50.Kf3 Kg7 51.Kf4 Kh6 52.Ke3 Kg7 53.Kd2 
Rxe2+ 54.Rxe2 Rh1 55.Kc3 Kf6 56.b4 axb4+ 57.Kxb4 Ra1 58.c5 bxc5+ 59.Kxc5 
Ra3 60.Kb4 Ra2 61.Kb3 Ra1 62.Kb2 Rf1 63.Bb3 Nb7 64.Rc2 Na5 65.Ba2 Rh1 66.
Ka3 Ra1 67.Rc5 Nb7 68.Rxc7 Nd6 69.Rc2 Re1 70.Kb4 Re4+ 71.Bc4 Nxc4 72.Rxc4 
Re2 73.Kc5 Ke5 74.Rc1 f5 75.Kc6 Ra2 76.d6 Rxa4 1-0

[Event "45th POL-ch (w)"]
[Site "Lublin POL"]
[Date "1993.??.??"]
[Round "10"]
[White "Dabrowska, Krystyna"]
[Black "Tust, Dominika"]
[Result "1-0"]
[WhiteElo "2240"]
[BlackElo "2105"]
[EventDate "1993.04.19"]
[PlyCount "109"]

1.e4 c6 2.c4 d5 3.cxd5 cxd5 4.exd5 Nf6 5.Nc3 g6 6.Bb5+ Nbd7 7.d4 Bg7 8.d6 
exd6 9.Qe2+ Qe7 10.Bf4 Qxe2+ 11.Bxe2 Ke7 12.Bf3 Nb6 13.b3 Rb8 14.Nb5 Ne8 
15.Ne2 a6 16.Nbc3 h6 17.O-O-O Nf6 18.Rhe1 Bg4 19.Bxg4 Nxg4 20.h3 Nf6 21.
Ng3+ Kd7 22.Nge4 Nxe4 23.Nxe4 Nc8 24.Re2 Ra8 25.g4 b5 26.d5 b4 27.f3 Rf8 
28.Ng3 a5 29.Kb1 a4 30.bxa4 Rxa4 31.Re4 Ne7 32.Ne2 Rfa8 33.Nc1 b3 34.axb3 
Ra1+ 35.Kc2 Rc8+ 36.Rc4 Rxc4+ 37.bxc4 Ra3 38.Rd3 Ra8 39.Rb3 Ra7 40.Be3 Rc7
41.Kd3 Kc8 42.Rb6 Kd7 43.Ne2 Nc8 44.Rb8 Ne7 45.Bd4 Bxd4 46.Nxd4 Rc8 47.
Rxc8 Kxc8 48.Nb3 f5 49.Kd4 fxg4 50.fxg4 Kc7 51.c5 dxc5+ 52.Nxc5 g5 53.Ke5 
Ng6+ 54.Kf5 Nf4 55.Ne6+ 1-0

[Event "45th POL-ch (w)"]
[Site "Lublin POL"]
[Date "1993.??.??"]
[Round "11"]
[White "Tust, Dominika"]
[Black "Walkusz, Malgorzata"]
[Result "0-1"]
[WhiteElo "2105"]
[BlackElo "2045"]
[EventDate "1993.04.19"]
[PlyCount "72"]

1.Nf3 Nf6 2.g3 g6 3.Bg2 Bg7 4.O-O O-O 5.d3 d5 6.Nbd2 Nc6 7.h3 e5 8.e4 dxe4
9.dxe4 Qe7 10.c3 a5 11.Qa4 h6 12.Re1 Be6 13.Nf1 Nd7 14.Ne3 Nc5 15.Qb5 Rfd8
16.Nd5 Bxd5 17.exd5 Na7 18.Qxa5 Rxd5 19.b4 b6 20.Qa3 Nd3 21.Rd1 e4 22.Nd4 
Bxd4 23.cxd4 Rxd4 24.Bxh6 Kh7 25.Be3 Rdd8 26.Rab1 Nb5 27.Qb3 Ra3 28.Qc4 
Nc3 29.h4 Nxd1 30.Bg5 f6 31.Rxd1 Nb2 32.Bxf6 Rxd1+ 33.Kh2 Nxc4 34.Bxe7 
Rxa2 35.Bxe4 Rxf2+ 36.Kh3 Re1 0-1

[Event "45th POL-ch (w)"]
[Site "Lublin POL"]
[Date "1993.??.??"]
[Round "11"]
[White "Szczygiel, Agnieszka"]
[Black "Dabrowska, Krystyna"]
[Result "0-1"]
[WhiteElo "2135"]
[BlackElo "2240"]
[EventDate "1993.04.19"]
[PlyCount "66"]

1.e4 e5 2.Nf3 Nc6 3.Bb5 a6 4.Ba4 Nf6 5.O-O Be7 6.Bxc6 dxc6 7.d3 Nd7 8.Nbd2
O-O 9.Nc4 f6 10.Nh4 Nc5 11.Qf3 Ne6 12.c3 Re8 13.Qg3 b5 14.Na5 c5 15.Nf5 
Bd6 16.Be3 Kh8 17.Rad1 g6 18.Nxd6 cxd6 19.Nb3 Qe7 20.f4 exf4 21.Bxf4 Nxf4 
22.Qxf4 Kg7 23.Rf3 f5 24.exf5 Bxf5 25.Nc1 Ra7 26.d4 Qe6 27.Rdf1 Rae7 28.
Rg3 Kh8 29.Qh4 Qf7 30.Rg5 Re4 31.Qh6 Re1 32.Qh4 Rxf1+ 33.Kxf1 Bd3+ 0-1

[Event "45th POL-ch (w)"]
[Site "Lublin POL"]
[Date "1993.??.??"]
[Round "11"]
[White "Bobrowska, Monika"]
[Black "Zawadzka, Alicja"]
[Result "1/2-1/2"]
[WhiteElo "2210"]
[BlackElo "2110"]
[EventDate "1993.04.19"]
[PlyCount "71"]

1.c4 Nf6 2.Nc3 c6 3.Nf3 g6 4.g3 Bg7 5.Bg2 O-O 6.O-O d5 7.cxd5 cxd5 8.d4 
Ne4 9.Nxe4 dxe4 10.Ng5 Qxd4 11.Qb3 Nc6 12.Nxe4 Rd8 13.Nc3 Qb4 14.Be3 Qxb3 
15.axb3 Be6 16.Na4 Bxb3 17.Nc5 Bd5 18.Nxb7 Bxg2 19.Nxd8 Bxf1 20.Nxc6 Bxe2 
21.Nxe7+ Kh8 22.Rxa7 Rxa7 23.Bxa7 Bxb2 24.Nc6 Kg8 25.Bd4 Ba3 26.Ne5 f5 27.
Nd7 Kf7 28.f4 Ke6 29.Ne5 Kd5 30.Kf2 Bb5 31.Be3 Bb2 32.Nf3 h6 33.h3 Bf6 34.
h4 Ba4 35.Ne5 Bxe5 36.fxe5 1/2-1/2

[Event "45th POL-ch (w)"]
[Site "Lublin POL"]
[Date "1993.??.??"]
[Round "11"]
[White "Grochot, Czeslawa"]
[Black "Lewandowska, Katarzyna"]
[Result "1/2-1/2"]
[WhiteElo "2170"]
[BlackElo "2170"]
[EventDate "1993.04.19"]
[PlyCount "27"]

1.e4 c5 2.Nc3 Nc6 3.g3 g6 4.Bg2 Bg7 5.d3 e6 6.Be3 d6 7.Qd2 Rb8 8.Nge2 Nd4 
9.Nc1 Qa5 10.O-O b5 11.f4 Ne7 12.Qf2 O-O 13.Nd1 b4 14.c3 1/2-1/2

[Event "45th POL-ch (w)"]
[Site "Lublin POL"]
[Date "1993.??.??"]
[Round "11"]
[White "Henc, Renata"]
[Black "Erenska-Radzewska, Hanna"]
[Result "1/2-1/2"]
[WhiteElo "2135"]
[BlackElo "2280"]
[EventDate "1993.04.19"]
[PlyCount "124"]

1.d4 d6 2.Nf3 Nf6 3.Bg5 Nbd7 4.e3 c6 5.Be2 Qb6 6.Qc1 e5 7.O-O Be7 8.c4 O-O
9.c5 dxc5 10.dxe5 Nd5 11.e4 Bxg5 12.Nxg5 Nc7 13.f4 h6 14.Nf3 Ne6 15.Bc4 
Nd4 16.Nbd2 Re8 17.Kh1 Qd8 18.a4 Nb6 19.a5 Nd7 20.Qc3 b5 21.axb6 Qxb6 22.
Ba2 Nxf3 23.Rxf3 Qb4 24.Nc4 Re7 25.Nd6 Nb6 26.Rc1 Bd7 27.Bb3 Nc8 28.Qc4 
Rb8 29.Nf5 Bxf5 30.exf5 Qxc4 31.Rxc4 Reb7 32.Rcc3 Ne7 33.f6 gxf6 34.Rg3+ 
Kf8 35.exf6 Nf5 36.Rgd3 Kg8 37.h3 c4 38.Bxc4 Rxb2 39.Rd7 Rf8 40.Rxa7 Nd6 
41.Rg3+ Kh8 42.Ba2 Ne4 43.Rg7 Nxf6 44.Rgxf7 Rxf7 45.Bxf7 Rf2 46.Ra4 Kg7 
47.Be6 Re2 48.Ra7+ Kh8 49.f5 h5 50.g3 Ne4 51.Ra3 Kg7 52.Kg1 Kf6 53.h4 Nc5 
54.Bc8 Re8 55.Rc3 Rxc8 56.Rxc5 Ra8 57.Kg2 Ra2+ 58.Kf3 Ra3+ 59.Ke4 Ra4+ 60.
Kf3 Ra3+ 61.Kg2 Ra2+ 62.Kh3 Ra6 1/2-1/2

[Event "45th POL-ch (w)"]
[Site "Lublin POL"]
[Date "1993.??.??"]
[Round "11"]
[White "Dworakowska, Joanna"]
[Black "Kaczorowska, Barbara"]
[Result "0-1"]
[WhiteElo "2120"]
[BlackElo "2200"]
[EventDate "1993.04.19"]
[PlyCount "110"]

1.e4 d5 2.exd5 Qxd5 3.Nc3 Qa5 4.d4 c6 5.Nf3 Nf6 6.Be2 Bf5 7.O-O h6 8.Ne5 
Nbd7 9.Bf4 Nxe5 10.Bxe5 e6 11.Bd3 Bxd3 12.Qxd3 Be7 13.Rfe1 O-O 14.Re3 Ng4 
15.Re2 Nxe5 16.dxe5 Rfd8 17.Qg3 Rd4 18.Re4 Rad8 19.h3 Qb4 20.Rxd4 Rxd4 21.
Rb1 Rd2 22.Qe3 Rxf2 23.Ne4 Rf5 24.c3 Qa5 25.b4 Qxe5 26.Re1 Bd8 27.Qxa7 Bc7
28.Qa8+ Bb8 29.Nf6+ Qxf6 30.Qxb8+ Kh7 31.Qg3 Qd8 32.Qe3 g6 33.c4 b5 34.g4 
Rg5 35.Qf4 Qd7 36.Rf1 Kg8 37.c5 e5 38.Qe3 Qd5 39.Rf2 Qe6 40.Rd2 Qe7 41.Qe4
h5 42.Qxc6 hxg4 43.Qc8+ Kg7 44.hxg4 e4 45.Rh2 Kf6 46.Re2 Qe5 47.Qh8+ Ke7 
48.Qh4 Kd7 49.a3 e3 50.Qh3 Qf5 51.Rxe3 Rxg4+ 52.Kh1 g5 53.Rc3 Qe4+ 54.Qf3 
Qe1+ 55.Kh2 Qg1+ 0-1

[Event "45th POL-ch (w)"]
[Site "Lublin POL"]
[Date "1993.??.??"]
[Round "11"]
[White "Bednarska, Malgorzata"]
[Black "Leszner, Liliana"]
[Result "0-1"]
[WhiteElo "2180"]
[BlackElo "2160"]
[EventDate "1993.04.19"]
[PlyCount "28"]

1.e4 g6 2.d4 Bg7 3.Nc3 d6 4.f4 Nc6 5.Be3 Nf6 6.h3 O-O 7.Be2 e5 8.fxe5 dxe5
9.d5 Nd4 10.Nf3 c5 11.Qd2 Nh5 12.g4 Ng3 13.Kf2 Ndxe2 14.Nxe2 Nxe4+ 0-1

[Event "45th POL-ch (w)"]
[Site "Lublin POL"]
[Date "1993.??.??"]
[Round "12"]
[White "Walkusz, Malgorzata"]
[Black "Szczygiel, Agnieszka"]
[Result "1-0"]
[WhiteElo "2045"]
[BlackElo "2135"]
[EventDate "1993.04.19"]
[PlyCount "131"]

1.e4 e5 2.Nf3 Nf6 3.d3 Nc6 4.Be2 Be7 5.O-O d5 6.Nbd2 O-O 7.h3 Re8 8.a4 a6 
9.c3 Rb8 10.a5 Bf8 11.Re1 g6 12.Qc2 Bg7 13.Bf1 h6 14.g3 Bd7 15.Bg2 Re7 16.
Nf1 dxe4 17.dxe4 Be6 18.Ne3 Rd7 19.Bf1 Qe8 20.Nc4 Nh7 21.Be3 Nf8 22.b4 
Bxc4 23.Bxc4 Ne6 24.b5 axb5 25.Bxb5 Rd6 26.Qa4 Qd8 27.Red1 Ne7 28.Rxd6 
cxd6 29.Rd1 Nc8 30.Bc4 Ra8 31.Qb3 Qd7 32.a6 Rb8 33.Bd5 b6 34.Bb7 Nc5 35.
Bxc5 bxc5 36.Qd5 Qxh3 37.Bxc8 Qxc8 38.Qxd6 Ra8 39.Ra1 Kh7 40.Nxe5 Bxe5 41.
Qxe5 Rxa6 42.Rxa6 Qxa6 43.Qxc5 Qe2 44.Qd5 Qf3 45.c4 h5 46.c5 h4 47.gxh4 
Qg4+ 48.Kf1 Qh3+ 49.Ke1 Qc3+ 50.Ke2 Qb2+ 51.Kf3 Qf6+ 52.Kg3 Qc3+ 53.Kg4 
Qf6 54.f3 Qe7 55.c6 Qa7 56.Qd7 Qg1+ 57.Kf4 Qc1+ 58.Ke5 Qc3+ 59.Kd6 Qb4+ 
60.Kc7 Qa5+ 61.Kb8 Qb6+ 62.Kc8 Kh6 63.Qd2+ Kg7 64.Kd7 Qa7+ 65.c7 Qa4+ 66.
Kd8 1-0

[Event "45th POL-ch (w)"]
[Site "Lublin POL"]
[Date "1993.??.??"]
[Round "12"]
[White "Grochot, Czeslawa"]
[Black "Dworakowska, Joanna"]
[Result "1/2-1/2"]
[WhiteElo "2170"]
[BlackElo "2120"]
[EventDate "1993.04.19"]
[PlyCount "71"]

1.e4 c5 2.Nf3 e6 3.d4 cxd4 4.Nxd4 Nf6 5.Nc3 d6 6.Be3 Be7 7.f4 Nc6 8.Qf3 a6
9.Bd3 Qc7 10.g4 Nxd4 11.Bxd4 e5 12.fxe5 dxe5 13.Qg3 Bd6 14.Be3 Be6 15.h3 
Bb4 16.Bd2 O-O 17.a3 Bc5 18.Ne2 b5 19.Bc3 Bd6 20.O-O Bc4 21.Qf3 Nd7 22.Ng3
g6 23.Kg2 Bxd3 24.cxd3 Nc5 25.Rac1 Nb3 26.Rcd1 Qe7 27.Qf6 Qxf6 28.Rxf6 
Rfd8 29.Rdf1 Ra7 30.h4 a5 31.h5 b4 32.axb4 axb4 33.Be1 Rb7 34.Ne2 Bf8 35.
R1f3 Rbd7 36.Rb6 1/2-1/2

[Event "45th POL-ch (w)"]
[Site "Lublin POL"]
[Date "1993.??.??"]
[Round "12"]
[White "Lewandowska, Katarzyna"]
[Black "Zawadzka, Alicja"]
[Result "1-0"]
[WhiteElo "2170"]
[BlackElo "2110"]
[EventDate "1993.04.19"]
[PlyCount "114"]

1.d4 Nf6 2.Nf3 g6 3.c4 Bg7 4.Nc3 O-O 5.e4 d6 6.Be2 e5 7.O-O Nc6 8.d5 Ne7 
9.Nd2 a5 10.Rb1 Nd7 11.a3 f5 12.b4 Kh8 13.Nb3 axb4 14.axb4 Nf6 15.f3 f4 
16.c5 g5 17.g4 fxg3 18.hxg3 Nh5 19.Kg2 Ng6 20.Rh1 Nhf4+ 21.gxf4 gxf4 22.
Kf2 Bf6 23.Bc4 Rg8 24.Rg1 Bh4+ 25.Ke2 h5 26.Kd3 Bg3 27.Kc2 h4 28.Bf1 Rg7 
29.Rh1 Rh7 30.Bh3 Bxh3 31.Rxh3 Nf8 32.Bb2 Rh6 33.Ne2 Ra2 34.Ra1 Rxa1 35.
Bxa1 Qd7 36.Qf1 Kg8 37.Bc3 Nh7 38.Nxg3 fxg3 39.Bd2 Rh5 40.Qh1 Qg7 41.Be3 
g2 42.Qh2 Ng5 43.Rg3 h3 44.Rxg2 hxg2 45.Qxh5 Nh7 46.Qg4 Qxg4 47.fxg4 Nf6 
48.Kd3 Nxg4 49.Bg1 Nf6 50.Na5 dxc5 51.bxc5 b6 52.cxb6 cxb6 53.Bxb6 Kf8 54.
Nc6 Nd7 55.Bg1 Ke8 56.Ke3 Kf8 57.Kf3 Ke8 1-0

[Event "45th POL-ch (w)"]
[Site "Lublin POL"]
[Date "1993.??.??"]
[Round "12"]
[White "Leszner, Liliana"]
[Black "Bobrowska, Monika"]
[Result "1/2-1/2"]
[WhiteElo "2160"]
[BlackElo "2210"]
[EventDate "1993.04.19"]
[PlyCount "63"]

1.e4 e6 2.d3 d5 3.Qe2 Nf6 4.Nf3 Be7 5.g3 c5 6.e5 Nfd7 7.Bg2 Nc6 8.O-O b6 
9.c4 d4 10.Nfd2 Bb7 11.f4 Qc7 12.Ne4 O-O-O 13.a3 h6 14.b4 Rdg8 15.b5 Nd8 
16.a4 g5 17.a5 Nf8 18.axb6 axb6 19.Ra7 Ng6 20.Qa2 gxf4 21.Nd6+ Bxd6 22.
exd6 Qxd6 23.Bxf4 Nxf4 24.Rxf4 Qxf4 25.gxf4 Rxg2+ 26.Qxg2 Bxg2 27.Kxg2 
Rg8+ 28.Kf3 Re8 29.Nd2 Kb8 30.Rd7 Kc8 31.Ra7 Kb8 32.Rd7 1/2-1/2

[Event "45th POL-ch (w)"]
[Site "Lublin POL"]
[Date "1993.??.??"]
[Round "12"]
[White "Kaczorowska, Barbara"]
[Black "Tust, Dominika"]
[Result "1/2-1/2"]
[WhiteElo "2200"]
[BlackElo "2105"]
[EventDate "1993.04.19"]
[PlyCount "64"]

1.e4 e5 2.Nf3 Nc6 3.Bb5 Nge7 4.O-O g6 5.c3 Bg7 6.d4 d6 7.d5 a6 8.Ba4 b5 9.
dxc6 bxa4 10.Qxa4 O-O 11.c4 Qe8 12.Nc3 Qxc6 13.Qxc6 Nxc6 14.Nd5 Be6 15.Ng5
Rfc8 16.Bd2 h6 17.Nxe6 fxe6 18.Nb4 Nd4 19.Rab1 a5 20.Nd3 c5 21.Rfd1 Kh7 
22.f3 Rf8 23.b3 Rfb8 24.Kf2 Rb7 25.Bc3 Nc6 26.Ke2 Rab8 27.Nb2 Rd8 28.Rd2 
Rf7 29.Rbd1 Bf8 30.Na4 Rc8 31.Ba1 Rb8 32.Bc3 Rc8 1/2-1/2

[Event "45th POL-ch (w)"]
[Site "Lublin POL"]
[Date "1993.??.??"]
[Round "12"]
[White "Erenska-Radzewska, Hanna"]
[Black "Bednarska, Malgorzata"]
[Result "1/2-1/2"]
[WhiteElo "2280"]
[BlackElo "2180"]
[EventDate "1993.04.19"]
[PlyCount "105"]

1.e4 c5 2.Nf3 d6 3.d4 cxd4 4.Qxd4 Nc6 5.Bb5 Bd7 6.Bxc6 Bxc6 7.c4 Nf6 8.Nc3
g6 9.O-O Bg7 10.Qd3 O-O 11.Nd4 Qb6 12.Nxc6 bxc6 13.b3 Nd7 14.Bb2 Nc5 15.
Qe3 Rab8 16.Rab1 a5 17.Ba1 Qb4 18.h3 a4 19.Nxa4 Nxa4 20.Bxg7 Kxg7 21.bxa4 
Qxc4 22.a5 c5 23.Rb3 Rxb3 24.axb3 Qb4 25.Ra1 Ra8 26.Ra4 Qb5 27.f4 f6 28.
Qc3 Ra6 29.Kf2 Kf8 30.Ke3 Qf1 31.Ra2 Qb5 32.Ra1 Ke8 33.g4 Kd7 34.g5 fxg5 
35.fxg5 c4 36.bxc4 Qxg5+ 37.Kd3 Qg2 38.Qd4 Qxh3+ 39.Kc2 Qh5 40.Qd5 Qxd5 
41.cxd5 Ra8 42.Kc3 Kc7 43.Kb4 Rb8+ 44.Kc4 Rb2 45.Rh1 h5 46.Rg1 Re2 47.Kd3 
Ra2 48.Rxg6 Rxa5 49.Rh6 Ra3+ 50.Ke2 Rh3 51.Kf2 Kd7 52.Rh8 Kc7 53.Re8 
1/2-1/2

[Event "45th POL-ch (w)"]
[Site "Lublin POL"]
[Date "1993.??.??"]
[Round "12"]
[White "Dabrowska, Krystyna"]
[Black "Henc, Renata"]
[Result "1-0"]
[WhiteElo "2240"]
[BlackElo "2135"]
[EventDate "1993.04.19"]
[PlyCount "161"]

1.e4 e6 2.d4 d5 3.Nd2 dxe4 4.Nxe4 Nd7 5.c4 Ngf6 6.Nc3 Bb4 7.Nf3 Ne4 8.Qc2 
Nxc3 9.bxc3 Be7 10.Bd3 Nf6 11.O-O c5 12.Bg5 h6 13.Bh4 O-O 14.Rad1 Nh5 15.
Bxe7 Qxe7 16.Ne5 b6 17.Bh7+ Kh8 18.Bg6 Nf4 19.Qe4 Nxg6 20.Nxg6+ fxg6 21.
Qxa8 Ba6 22.Qe4 Bxc4 23.Rfe1 Qg5 24.Qe3 Rf5 25.Qxg5 Rxg5 26.a3 cxd4 27.
Rxd4 Rc5 28.Re3 b5 29.Rd8+ Kh7 30.Ra8 Rc7 31.f3 Bd5 32.Rb8 Rc5 33.Kf2 g5 
34.g3 a5 35.Ke1 Bc4 36.Ra8 a4 37.Rd8 Rf5 38.g4 Rf7 39.Rc8 Rd7 40.Rc5 Kg6 
41.Rce5 Rf7 42.R5e4 Bd5 43.Rb4 Bc4 44.Rb2 Rd7 45.Rd2 Bd5 46.Red3 Rf7 47.
Rf2 Rf4 48.Kd2 Bc4 49.Rd6 Bd5 50.Rb6 Bc4 51.Ke3 Rf7 52.Rd2 Rc7 53.Rdd6 Kf6
54.Kd4 Re7 55.Rb8 Rc7 56.Rdd8 Kg6 57.Rf8 Rd7+ 58.Kc5 Rd5+ 59.Kb4 Rd7 60.
Rbd8 Rc7 61.Rc8 Rb7 62.Rc5 Rd7 63.Rxb5 Bxb5 64.Kxb5 Rd3 65.Kb4 e5 66.c4 
Rd4 67.Kb5 e4 68.fxe4 Rxe4 69.c5 Rf4 70.Rd8 Rf3 71.c6 Rc3 72.Kb6 Rb3+ 73.
Ka7 Rc3 74.Kb7 Rb3+ 75.Kc8 Rxa3 76.c7 Rc3 77.Kb7 Rb3+ 78.Ka7 Rc3 79.c8=Q 
Rxc8 80.Rxc8 h5 81.Rc3 1-0

[Event "45th POL-ch (w)"]
[Site "Lublin POL"]
[Date "1993.??.??"]
[Round "13"]
[White "Szczygiel, Agnieszka"]
[Black "Kaczorowska, Barbara"]
[Result "0-1"]
[WhiteElo "2135"]
[BlackElo "2200"]
[EventDate "1993.04.19"]
[PlyCount "98"]

1.e4 c6 2.d4 d5 3.Nd2 dxe4 4.Nxe4 Bf5 5.Ng3 Bg6 6.h4 h6 7.h5 Bh7 8.Nf3 Nd7
9.Bd3 Bxd3 10.Qxd3 e6 11.Bf4 Qa5+ 12.c3 Ngf6 13.a4 c5 14.O-O cxd4 15.b4 
Qd8 16.Nxd4 Be7 17.Rfe1 O-O 18.Qe2 Re8 19.Qf3 Nd5 20.Bd2 N7f6 21.Nb3 Rc8 
22.Rac1 Qc7 23.Ne4 Nxe4 24.Rxe4 Nf6 25.Re2 Qc4 26.Na5 Qa6 27.Nxb7 Qxa4 28.
Na5 Nd5 29.Re4 Nf6 30.Re2 Bxb4 31.cxb4 Rxc1+ 32.Bxc1 Qd1+ 33.Kh2 Qxc1 34.
Nc6 Qc4 35.g3 a6 36.Rd2 e5 37.Rd8 Rxd8 38.Nxd8 Qxb4 39.Qa8 Qf8 40.Qb8 a5 
41.Qb6 a4 42.Nc6 Qd6 43.Qa6 a3 44.Qc8+ Kh7 45.Nd8 Qd7 46.Qc2+ e4 47.Nc6 
Qd3 48.Qc5 Qf3 49.Kg1 a2 0-1

[Event "45th POL-ch (w)"]
[Site "Lublin POL"]
[Date "1993.??.??"]
[Round "13"]
[White "Bobrowska, Monika"]
[Black "Erenska-Radzewska, Hanna"]
[Result "1/2-1/2"]
[WhiteElo "2210"]
[BlackElo "2280"]
[EventDate "1993.04.19"]
[PlyCount "94"]

1.c4 e5 2.Nc3 d6 3.g3 Nf6 4.Bg2 Be7 5.Nf3 c6 6.d3 O-O 7.O-O Re8 8.Rb1 Nbd7
9.b4 d5 10.e4 dxc4 11.dxc4 Qc7 12.Qe2 Nf8 13.h3 Be6 14.Be3 a5 15.bxa5 Qxa5
16.Rfc1 Bc5 17.Bxc5 Qxc5 18.Rxb7 Bxc4 19.Qb2 Ne6 20.Nd1 Rxa2 21.Qxe5 Qxe5 
22.Nxe5 Ba6 23.Ra7 Nd4 24.Nc3 Ra3 25.Ng4 Nxg4 26.hxg4 Nb3 27.Rb1 Nc5 28.
Ne2 Ra4 29.Nf4 g6 30.Rc1 Bb5 31.Rxa4 Nxa4 32.e5 c5 33.Rb1 Nc3 34.Rb3 Ne2+ 
35.Nxe2 Bxe2 36.Rc3 Rxe5 37.f4 Re7 38.Rxc5 Bxg4 39.Rc2 Kg7 40.Kf2 h5 41.
Bf3 Bf5 42.Rd2 Bh3 43.Re2 Rc7 44.Rb2 Rc3 45.Rb7 Be6 46.Rb2 Kf6 47.Rd2 Bf5 
1/2-1/2

[Event "45th POL-ch (w)"]
[Site "Lublin POL"]
[Date "1993.??.??"]
[Round "13"]
[White "Zawadzka, Alicja"]
[Black "Leszner, Liliana"]
[Result "0-1"]
[WhiteElo "2110"]
[BlackElo "2160"]
[EventDate "1993.04.19"]
[PlyCount "82"]

1.e4 g6 2.d4 Bg7 3.Nc3 d6 4.f4 Nc6 5.d5 Nb8 6.Nf3 c6 7.dxc6 bxc6 8.Bd3 Qb6
9.Qe2 Na6 10.Nd1 Nc5 11.Bc4 e6 12.c3 Qc7 13.O-O Ne7 14.Re1 O-O 15.Nf2 d5 
16.exd5 cxd5 17.Bd3 Nxd3 18.Qxd3 Nf5 19.Ne5 Bb7 20.a4 f6 21.Nf3 e5 22.fxe5
fxe5 23.Ng5 Rae8 24.Ng4 e4 25.Qd1 h6 26.Nh3 h5 27.Ne3 Be5 28.Nxf5 Bxh2+ 
29.Kh1 Rxf5 30.Be3 Ba6 31.Qd4 Bg3 32.Rg1 Re7 33.Rac1 Bc4 34.b4 Qd7 35.b5 
Bb8 36.Rge1 Qd6 37.Bg1 g5 38.Qc5 Qe5 39.Qd4 g4 40.Qxe5 Bxe5 41.Nf2 Bg3 0-1

[Event "45th POL-ch (w)"]
[Site "Lublin POL"]
[Date "1993.??.??"]
[Round "13"]
[White "Henc, Renata"]
[Black "Walkusz, Malgorzata"]
[Result "1-0"]
[WhiteElo "2135"]
[BlackElo "2045"]
[EventDate "1993.04.19"]
[PlyCount "91"]

1.d4 d5 2.Nf3 Nc6 3.Bf4 Bg4 4.e3 e6 5.h3 Bh5 6.c4 Bb4+ 7.Nc3 Nge7 8.Rc1 
O-O 9.Be2 Bxf3 10.Bxf3 dxc4 11.O-O Bd6 12.Bxd6 cxd6 13.d5 Ne5 14.dxe6 fxe6
15.Bxb7 Rb8 16.Be4 Rxb2 17.Qd4 Qc7 18.a4 a6 19.Nb5 Rxb5 20.axb5 axb5 21.
Ra1 N7c6 22.Bxc6 Nxc6 23.Qe4 Re8 24.Rfd1 Qd7 25.Qb1 b4 26.Ra6 Rb8 27.Qe4 
d5 28.Qxc4 dxc4 29.Rxd7 Ne5 30.Rc7 c3 31.Ra1 Nf7 32.Rb1 Nd6 33.Rxc3 bxc3 
34.Rxb8+ Kf7 35.Rb1 e5 36.Kf1 Ke6 37.Ke2 e4 38.Rb3 Kf5 39.Rxc3 g5 40.Rc5+ 
Kf6 41.Kd2 h6 42.Kc3 h5 43.Rc6 Ke5 44.Rxd6 Kxd6 45.Kd4 Ke6 46.Kxe4 1-0